000 01006nam1a22002291i 4500
001 rc\671982
005 20240723231004.0
035 _a(NLR Aleph) 005953281
090 _a6783900
_c6783900
100 _a20031121d1986 u |0rusy50 ca
101 0 _arus
102 _aRU
105 _ay |||||||||
200 1 _aРадиометрическое обогащение руд
_e(Методы, методики, оборудование, дальнейшее обогащение)
_e[Кн. и журн. лит. на рус. и иностр. яз. ...]
210 _aМ.
_cЦНИИцветмет экономики и информ.
_d1986
215 _d20
225 1 _aБиблиографическая информация
_fМ-во цв. металлургии СССР, ЦНИИ экономики и информ. цв. металлургии
225 1 _aБиблиографический список
801 0 _aRU
_bNLR
_gpsbo
801 1 _aRU
_bELAR
_2rusmarc
852 _aNLR
_bС
_jК-1/3622
942 _cBOOK